Statystyki dla Państwa, które nie posługują się kalendarzem gregoriańskim

Kliknij tutaj aby rozwiązać quiz!

Ogólne statystyki

  • Ten quiz został rozwiązany 18 razy
  • Średni wynik to 19 z 25

Statystyki odpowiedzi

Państwo% Poprawnych
Pakistan
100%
Arabia Saudyjska
93%
Indie
93%
Iran
93%
Afganistan
87%
Egipt
87%
Irak
87%
Nepal
87%
Izrael
80%
Japonia
80%
Jemen
80%
Oman
80%
Korea Północna
73%
Maroko
73%
Zjednoczone Emiraty Arabskie
73%
Jordania
67%
Libia
67%
Mjanma
67%
Tajlandia
67%
Tunezja
67%
Etiopia
60%
Tajwan
60%
Mauretania
53%
Bangladesz
47%
Somalia
47%

Rozkład punktacji

Percentyl według liczby udzielonych odpowiedzi

Procent ludzi z każdym wynikiem

Twoja historia wyników

Nie rozwiązałeś tego quizu